Sírni csak a győzteseknek szabad

Bibliographic Details
Main Author: Vrabec, Mária, 1970- (Author)
Format: Article
Language:Hungarian
PhysicalDescription:Fotogr.
Subjects:

MARC

LEADER 00000nab a2200000 a 4500
001 vtls000795226
003 SK-MaSNL
005 20260319075017.0
008 160405c2002 xo 0 hun
015 |a SNBRB2002/05-17099 
035 |a CLN000146881 
040 |a SNKBUCL  |b slo  |c SNKBUCL  |e AACR2 
041 0 |a hun 
044 |a xo  |c SK 
080 |a 324(439):342.53  |2 1997 
080 |a 323(439)  |2 1997 
100 1 |a Vrabec, Mária,  |d 1970-  |4 aut  |9 102331 
245 1 0 |a Sírni csak a győzteseknek szabad  |c Vrabec Mária 
300 |b Fotogr. 
650 0 7 |a parlamentné voľby  |z Maďarsko  |y 2002  |2 snkbucl  |9 22727 
651 7 |a Maďarsko  |x vnútorná politika  |y 2002  |2 snkbucl  |9 22511 
655 7 |a články z novín a časopisov  |2 snkbucl  |9 267496 
773 0 |t Vasárnap  |g Roč. 35, č. 18 (2002), s. 6-9 
850 |a Slovenská národná knižnica v Martine 
852 |a SNK  |b KIS3GCP 
958 |a HU 
958 |a RBX 
999 |c 1369439  |d 1371369